000 00661nam a2200229Ia 4500
003 OSt
005 20220923225718.0
006 a|||||r|||| 00| 0
007 ta
008 220922b |||||||| |||| 00| 0 snd d
024 _a273,881
037 _cTextual
040 _aARTS
_cARTS
_bsnd
041 _2snd
_asnd
082 _aO1593,3x, K4
100 _aगिदवाणी, आसूदोमल टेकिचंदु
_9160287
245 0 _aब रतन
246 _aB ratana
260 _c1964
942 _hO1593,3x, K4
_cTEXL
_2CC
999 _c379928
_d379928